Pays qui se terminent en -ie. Combien en trouverez-vous? - Statistiques

Statistiques générales
  • Ce quiz a été pris 120 fois
  • Le résultat moyen est 29 sur 38
Statistiques - réponses
Pays en -ie % Correct
Hongrie
91%
Lettonie
90%
Lituanie
90%
Russie
90%
Estonie
88%
Australie
87%
Albanie
86%
Arménie
86%
Colombie
85%
Italie
85%
Algérie
84%
Bolivie
84%
Slovaquie
83%
Croatie
82%
Slovénie
82%
Tunisie
79%
Biélorussie
78%
Bulgarie
78%
Serbie
77%
Namibie
76%
Roumanie
76%
Jordanie
74%
Moldavie
74%
Mongolie
73%
Zambie
72%
Birmanie
71%
Géorgie
71%
Indonésie
71%
Mauritanie
71%
Tanzanie
71%
Turquie
71%
Somalie
70%
Éthiopie
68%
Malaisie
68%
Syrie
61%
Gambie
60%
États Fédérés de Micronésie
44%
Sainte-Lucie
38%
Aucun quiz correspondant
Distribution des résultats
% des personnes avec chaque résultat
Percentile par nombre de réponses
Votre historique - résultats
Vous n’avez pas pris ce quiz